| Поле | Инд. | ПП | Название | Значение |
|---|---|---|---|---|
| Тип записи | a | |||
| Библиографический уровень | m | |||
| 001 | Контрольный номер | RU/IS/BASE/296561569 | ||
| 005 | Дата корректировки | 20230419112133.1 | ||
| 020 | a | ISBN | 978-5-7609-0499-7 | |
| 040 | a | Служба первич. каталог. | НБ ТвГУ | |
| b | Код языка каталог. | rus | ||
| e | Правила каталог. | PSBO | ||
| 041 | 0_ | a | Код языка текста | rus |
| 080 | a | Индекс УДК | 796.5(075.8) | |
| 084 | a | Индекс другой классификации/Индекс ББК | Ч518.1я73-1 | |
| 090 | a | Полочн. индекс | Ч518.1 | |
| x | Авторский знак | Д 69 | ||
| 100 | 1_ | a | Автор | Дорофеев Александр Александрович |
| q | Полное имя | Дорофеев А. А. | ||
| 245 | 10 | a | Заглавие | География туристских центров и регионов России |
| b | Продолж. заглавия | учебное пособие | ||
| c | Ответственность | Федерал. агентство по образованию, ГОУ ВПО "Твер. гос. ун-т" | ||
| 260 | a | Место издания | Тверь | |
| b | Издательство | Тверской государственный университет | ||
| c | Дата издания | 2009 | ||
| 300 | a | Объем | 175 с. | |
| b | Иллюстрации/ тип воспроизводства | ил., табл. | ||
| 504 | a | Библиография | Библиогр.: с. 175 | |
| 653 | 0_ | a | Ключевые слова | География туризма |
| a | Ключевые слова | Туризм | ||
| a | Ключевые слова | Туристские центры | ||
| a | Ключевые слова | Туристское районирование | ||
| a | Ключевые слова | Учебники для вузов | ||
| 856 | 40 | u | URL | http://texts.lib.tversu.ru/texts/02049ogl.pdf |
| 901 | t | Тип документа | m | |
| 920 | a | Оператор | Густ | |
| a | Оператор | Карл | ||
| 952 | c | Вид литературы | К ру | |
| 954 | a | Дата поступления на обработку | 20090525 |